000 00367nam a2200157Ia 4500
008 230718s9999 xx 000 0 und d
041 _aeng
082 _a372.65
_bKAP
100 _aKaplan
245 _aGRE Exam Premier Program 2007
260 _c2006
_bKaplan
300 _a410
365 _cRs.
_b882.00
700 _aKaplan
906 _d622/18.8.06
_cOTH
_b176.4
999 _c314445
_d314445